Seachsis Land-Farben

Na minha lista:
Detalhes bibliográficos
Formato: Livro
Tags: Adicionar Tag
Sem tags, seja o primeiro a adicionar uma tag!

MARC

LEADER 00000nam a22000003a 4500
001 stu142028
005 20141122175447.1
008 070601s--------------------------------d
040 |a STU  |b slo 
041 0
245 |a Seachsis Land-Farben 
996 |c A*4091  |l AA3130  |s P  |a 0  |w stu142028_0001